000 00549nam a22002057a 4500
001 00028100
005 20260209095802.0
008 260209b ag ||||| |||| 00| 0 spa d
020 _a9507714529
040 _aAR-CcCEOS
_bspa
_cAR-CcCEOS
041 _aspa
080 _a908(821.2)
090 _bENT
245 _aEntre Ríos :
_bnuestra provincia
250 _a1ª ed.
260 _aBuenos Aires :
_bcultural librera americana,
_c2006
300 _a72 p. ;
_c25x18 cm.
655 0 _ahistoria argentina
_9277
_vgeografía
942 _2udc
_cBK
_n0
999 _c28114
_d28114